<?xml version="1.0" encoding="UTF-8"?>
<record
    xmlns:xsi="http://www.w3.org/2001/XMLSchema-instance"
    xsi:schemaLocation="http://www.loc.gov/MARC21/slim http://www.loc.gov/standards/marcxml/schema/MARC21slim.xsd"
    xmlns="http://www.loc.gov/MARC21/slim">

  <leader>00814nam a22002537a 4500</leader>
  <controlfield tag="003">0</controlfield>
  <controlfield tag="005">20160609170353.0</controlfield>
  <controlfield tag="008">110107t        xxu||||| |||| 00| 0 eng d</controlfield>
  <datafield tag="037" ind1=" " ind2=" ">
    <subfield code="a">R16559</subfield>
    <subfield code="b">BIBLIO</subfield>
  </datafield>
  <datafield tag="040" ind1=" " ind2=" ">
    <subfield code="a">EPAC</subfield>
    <subfield code="b">F</subfield>
    <subfield code="c">BIBLIO</subfield>
  </datafield>
  <datafield tag="082" ind1=" " ind2=" ">
    <subfield code="a">26.APE/LEG</subfield>
  </datafield>
  <datafield tag="100" ind1=" " ind2=" ">
    <subfield code="a">S&#xE8;na H. LEGBAGAH</subfield>
    <subfield code="9">13657</subfield>
  </datafield>
  <datafield tag="245" ind1=" " ind2=" ">
    <subfield code="a">Gestion des d&#xE9;chets solides au march&#xE9; Dantokpa: &#xE9;tats des lieux et perspectives</subfield>
  </datafield>
  <datafield tag="250" ind1=" " ind2=" ">
    <subfield code="a">CAP</subfield>
  </datafield>
  <datafield tag="260" ind1=" " ind2=" ">
    <subfield code="a">EPAC</subfield>
    <subfield code="b">BIBLIO</subfield>
    <subfield code="c">2005-2006</subfield>
  </datafield>
  <datafield tag="300" ind1=" " ind2=" ">
    <subfield code="a">46p</subfield>
    <subfield code="b">Ill. en coul.</subfield>
    <subfield code="c">30cm</subfield>
  </datafield>
  <datafield tag="440" ind1=" " ind2=" ">
    <subfield code="n">4parties</subfield>
    <subfield code="9">13658</subfield>
  </datafield>
  <datafield tag="500" ind1=" " ind2=" ">
    <subfield code="a">Liste des tableaux ; liste des figures et photos; liste des sigles et abr&#xE9;viations; r&#xE9;f&#xE9;rences bibliographiques</subfield>
  </datafield>
  <datafield tag="650" ind1=" " ind2=" ">
    <subfield code="a">DECHET DANTOKPA</subfield>
    <subfield code="9">13659</subfield>
  </datafield>
  <datafield tag="650" ind1=" " ind2=" ">
    <subfield code="a">GESTION</subfield>
    <subfield code="9">13660</subfield>
  </datafield>
  <datafield tag="650" ind1=" " ind2=" ">
    <subfield code="a">PERSPECTIVE</subfield>
    <subfield code="9">13661</subfield>
  </datafield>
  <datafield tag="700" ind1=" " ind2=" ">
    <subfield code="a">CHOUGOUROU Daniel</subfield>
    <subfield code="9">13662</subfield>
  </datafield>
  <datafield tag="942" ind1=" " ind2=" ">
    <subfield code="c">THE</subfield>
  </datafield>
  <datafield tag="999" ind1=" " ind2=" ">
    <subfield code="c">48847</subfield>
    <subfield code="d">48847</subfield>
  </datafield>
  <datafield tag="952" ind1=" " ind2=" ">
    <subfield code="0">0</subfield>
    <subfield code="1">0</subfield>
    <subfield code="4">0</subfield>
    <subfield code="7">0</subfield>
    <subfield code="a">BEPAC</subfield>
    <subfield code="b">BEPAC</subfield>
    <subfield code="d">2011-01-07</subfield>
    <subfield code="e">CAP</subfield>
    <subfield code="l">0</subfield>
    <subfield code="o">26.APE/LEG</subfield>
    <subfield code="p">16559EPAC</subfield>
    <subfield code="r">2011-01-07 00:00:00</subfield>
    <subfield code="t">1</subfield>
    <subfield code="w">2011-01-07</subfield>
    <subfield code="y">THE</subfield>
    <subfield code="z">Pr&#xEA;t &#xE0; domicile</subfield>
  </datafield>
  <datafield tag="952" ind1=" " ind2=" ">
    <subfield code="0">0</subfield>
    <subfield code="1">0</subfield>
    <subfield code="4">0</subfield>
    <subfield code="7">0</subfield>
    <subfield code="a">BEPAC</subfield>
    <subfield code="b">BEPAC</subfield>
    <subfield code="d">2011-02-23</subfield>
    <subfield code="e">CAP</subfield>
    <subfield code="l">0</subfield>
    <subfield code="o">26.APE/CAP</subfield>
    <subfield code="p">R16784EPAC</subfield>
    <subfield code="r">2011-02-23 00:00:00</subfield>
    <subfield code="t">2</subfield>
    <subfield code="w">2011-02-23</subfield>
    <subfield code="y">THE</subfield>
    <subfield code="z">Pr&#xEA;t &#xE0; domicile</subfield>
  </datafield>
</record>
